00361nam a22001217a 4500008004100000020001500041050002200056100001800078245005100096260005300147300002400200650001500224181004b xxu||||| |||| 00| 0 eng d a0906322677 aHF 5621 .F74 1985 aFrench, Derek aDictionary of Accounting Terms/cDerek, French aBritain:bFinancial Training Publication,c1985. axii, 300p. ;c28 cm aAccounting